000
00302nam a2200109Ia 4500
008
200302s9999 xx 000 0 und d
100
_a
Gerald Adler & Others
245
_a
Scale Imagination, Perception and Practice in Architecture
260
_b
Taylor &Francis Group
260
_c
2012
300
_a
241 P.,
999
_c
3262
_d
3262